| 000 | 00572nam a2200181 i 4500 | ||
|---|---|---|---|
| 001 | 59925 | ||
| 003 | ES-MaACL | ||
| 005 | 20230906164125.0 | ||
| 007 | t| | ||
| 008 | 031031s1972 sp ||||1| spa d | ||
| 100 | 1 |
_aEscholier, Raymond. _947541 |
|
| 245 | 1 | 0 |
_aVíctor Hugo _b: rey de su siglo / _cRaymond Escholier ; traducción del francés por Fernando Sacconé Ramos. |
| 260 |
_aMadrid : _bEspasa-Calpe, _c1972. |
||
| 300 |
_a300 p., 8 lám. ; _c23 cm. |
||
| 700 | 1 |
_aSaccone Ramos, Fernando. _9204142 |
|
| 852 |
_aES-MaACL _jC-49392 _bR.84204 |
||
| 999 |
_c59925 _d59925 |
||